00245nam a2200109Ia 4500008004100000100001700041245002100058260002000079650001400099942000700113999001500120190216s9999||||xx |||||||||||||| ||und|| aPotapov V M 0aStereo Chemistry bMir Pubs Moscow aChemistry cBK c2100d2100